00425nam a22001577a 450000500170000001000130001702000270003003500130005703700090007008200060007910000170008524500610010226000260016327000530018930000250024220250101121550.0 aB-761533 a9788129137005c195.00  aB-761533 bGift aS aBond, Ruskin aThe Essential Collection for Young Readers/cRuskin Bond bRupac2015aNew Delhi a7/16, Ansari Road Dariya GanjbNew Delhie110002 avii, 202p.c20cm(pb)